Statistics for Queen Songs

Click here to take the quiz!

General Stats

  • This quiz has been taken 234 times
  • The average score is 13 of 20

Answer Stats

LyricsSong% Correct
That's why they call me Mister FahrenheitDon't Stop Me Now
95%
Buddy you're a boy make a big noiseWe Will Rock You
95%
So you think you can stone me and spit in my eye?Bohemian Rhapsody
94%
She keeps Moët et Chandon In her pretty cabinetKiller Queen
93%
And we'll keep on fighting 'til the end.We Are The Champions
93%
Are you ready, hey, are you ready for this?Another One Bites The Dust
87%
Oh you gonna take me home tonightFat Bottomed Girls
75%
Does anybody know what we are living for?The Show Must Go On
75%
It's the terror of knowing What this world is aboutUnder Pressure
75%
I'd sit alone and watch your lightRadio Ga Ga
74%
Take a look in the mirror and crySomebody To Love
74%
You're so self satisfied I don't need youI Want To Break Free
72%
There's no time for us. There's no place for us.Who Wants To Live Forever?
59%
And take a long ride on my motorbikeCrazy Little Thing Called Love
54%
I've been with you such a long timeYou're My Best Friend
47%
You can be anything you want to beInnuendo
42%
A young fighter screaming, with no time for doubtI Want It All
41%
Oh, oh, people of the earth Listen to the warningThe Prophet's Song
25%
Too many bitter tears are raining down on meToo Much Love Will Kill You
23%
Blue powder monkeys praying in the dead of nightThe March Of The Black Queen
20%

Score Distribution

Percentile by Number Answered

Percent of People with Each Score

Your Score History

You have not taken this quiz